Կանոնադրություն հողոգտագործման արտելի : (Record no. 453194)
[ view plain ]
| 000 -LEADER | |
|---|---|
| fixed length control field | 00683nam a2200205 a 4500 |
| 003 - CONTROL NUMBER IDENTIFIER | |
| control field | AM-YEHGA |
| 040 ## - CATALOGING SOURCE | |
| Original cataloging agency | AM-YeHGA |
| 090 ## - LOCALLY ASSIGNED LC-TYPE CALL NUMBER (OCLC); LOCAL CALL NUMBER (RLIN) | |
| -- | 456165 |
| 001 - CONTROL NUMBER | |
| control field | 000505636 |
| 005 - DATE AND TIME OF LATEST TRANSACTION | |
| control field | 20250617160436.0 |
| 008 - FIXED-LENGTH DATA ELEMENTS--GENERAL INFORMATION | |
| fixed length control field | 061025s1927 ai r 000 0 arm d |
| 041 0# - LANGUAGE CODE | |
| Language code of text/sound track or separate title | arm |
| 245 00 - TITLE STATEMENT | |
| Title | Կանոնադրություն հողոգտագործման արտելի : |
| Remainder of title | (կոլլեկտիվ տնտեսության) / |
| Statement of responsibility, etc. | «Հայգյուղկոոպ». |
| 260 ## - PUBLICATION, DISTRIBUTION, ETC. | |
| Place of publication, distribution, etc. | Յերեվան : |
| Name of publisher, distributor, etc. | Ա. հ., |
| Date of publication, distribution, etc. | 1927. |
| 300 ## - PHYSICAL DESCRIPTION | |
| Extent | 36 էջ ; |
| Dimensions | 17 սմ. |
| 650 14 - SUBJECT ADDED ENTRY--TOPICAL TERM | |
| Topical term or geographic name entry element | Կոլեկտիվ տնտեսություններ |
| 653 1# - INDEX TERM--UNCONTROLLED | |
| Uncontrolled term | Հողօգտագործում |
| 710 2# - ADDED ENTRY--CORPORATE NAME | |
| Corporate name or jurisdiction name as entry element | «Հայգյուղկոոպ» |
| 942 ## - ADDED ENTRY ELEMENTS (KOHA) | |
| Source of classification or shelving scheme | Universal Decimal Classification |
| Koha item type | Գրքեր / Books |
| Withdrawn status | Lost status | Damaged status | Not for loan | Collection | Home library | Current library | Date acquired | Total checkouts | Full call number | Barcode | Date last seen | Price effective from | Koha item type | Public note |
|---|---|---|---|---|---|---|---|---|---|---|---|---|---|---|
| Kusikian Individual Collection | Fundamental Scientific Library | Fundamental Scientific Library | 20/10/2020 | Կուս/1206 | FL0624965 | 20/10/2020 | 20/10/2020 | Գրքեր / Books | ILL Non-Circ |
ՀՀ Գիտությունների ազգային ակադեմիայի հիմնարար գիտական գրադարան = Fundamental Scientific Library of NAS RA
All site content, except where otherwise noted, is licensed under a